01199 a2200301 4500003000500000005001700005010001700022020001500039020002400054020001800078020002700096035002400123040000900147082001400156100003200170245008400202260003600286300003300322440004900355650004400404700002200448856010600470856009100576856009200667942001200759999001900771952010700790Nust20170207165831.0 a 2008922524 a1402081650 a1402081669 (e-book) a9781402081651 a9781402081668 (e-book) a(OCoLC)ocn213479546 cNust04a621.382241 aHelmy, Ahmed Abdel-Ghaffar.10aSubstrate noise coupling in RFICs (E-BOOK)cby Ahmed Helmy and Mohammed Ismail. a[New York] :bSpringer,cc2008. axv, 119 p. :bill. ;c25 cm. 0aAnalog circuits and signal processing series 0aTelecommunications engineering (E Book)1 aIsmail, Mohammed.423Contributor biographical informationuhttp://www.loc.gov/catdir/enhancements/fy0904/2008922524-b.html423Publisher descriptionuhttp://www.loc.gov/catdir/enhancements/fy1102/2008922524-d.html423Table of contents onlyuhttp://www.loc.gov/catdir/enhancements/fy0904/2008922524-t.html 2ddccBK c213281d213281 00102ddc40708NFICaMCSbMCSd2016-12-12l0o621.38224 STEpMCSEB-3314r2016-12-08w2016-12-12yBK